000 00686nam a2200217Ia 4500
003 OSt
005 20250304150200.0
008 210716s2002 xx 000 0 und d
020 _a0471036269
040 _cAIMIT LIBRARY
041 _aeng
082 _a658.406
_21
_bSUTG
100 _aSutton, Gary.
_9203798
245 _aSix month fix:
_badventures in rescuing failing companies /
_cBy Gary Sutton.
250 _a1st ed.
260 _aNew York :
_bJohn Wiley and Sons ;
_c2002.
300 _aix,294p. ;
_bPB
_c23 cm.
650 _aContracts are sales literature
_9203799
650 _aSeed your culture with the employee manual
_9203800
942 _2ddc
_cBK
_e1st ed.
_k658.406 SUTG
999 _c206326
_d206326